| 000 | 01071cam a2200301 a 4500 | ||
|---|---|---|---|
| 999 |
_c3949 _d3949 |
||
| 001 | 3570497 | ||
| 003 | Nust | ||
| 005 | 20170105101616.0 | ||
| 008 | 980914s1997 pk b b 001 0 eng | ||
| 010 | _a 98195816 | ||
| 020 | _a0195779339 | ||
| 040 |
_aDLC _cDLC _dDLC |
||
| 050 | 0 | 0 |
_aD860 _b.C6 1997 |
| 082 |
_a909.82 _bHUN |
||
| 100 | _aHuntington, Samuel P. | ||
| 245 | 0 | 4 |
_aThe clash of civilizations and the remaking of world order _c.Huntington, Samuel P. |
| 260 |
_aNew York ; _bSimon & Schuster, _c1997. |
||
| 300 |
_avii, 367 p. : _c22 cm. |
||
| 504 | _aIncludes bibliographical references and index. | ||
| 650 | 0 |
_aWorld politics, _y1989- |
|
| 650 | 0 | _aPost-communism. | |
| 650 | 0 |
_aCivilization, Modern, _y1950- |
|
| 700 | 1 |
_aHuntington, Samuel P. _tClash of civilizations and the remaking of world order. |
|
| 856 | 4 | 2 |
_3Publisher description _uhttp://www.loc.gov/catdir/enhancements/fy0636/98195816-d.html |
| 906 |
_a7 _bcbc _corignew _d3 _encip _f19 _gy-gencatlg |
||
| 942 |
_2ddc _cBK |
||